| 000 | 01037nam a2200181 i 4500 | ||
|---|---|---|---|
| 001 | 68941 | ||
| 003 | ES-MaACL | ||
| 005 | 20230906170409.0 | ||
| 007 | t| | ||
| 008 | 040813s19311958sp afo e |||| |dspa d | ||
| 080 | _a7(091)(031) | ||
| 245 | 0 | 0 | _aHistoria del arte Labor. |
| 260 |
_aBarcelona : _bLabor, _c1931-1958. |
||
| 300 |
_av. <2-15> : _bil. ; _c28 cm. |
||
| 505 | 8 | _aContiene: 2. Arte del antiguo Oriente - 3. Arte clásico (Grecia y Roma) - 4. Arte de India, China y Japón, Camboya, Siam, Java, Ceilán, Corea, Tibet, Turquestán, Afganistán - 5. Arte del islam - 6. Arte de la alta Edad Media - 7. Arte gótico - 8. Arte del protorrenacimiento en Italia - 9. Arte del Renacimiento en Italia - 11. Arte Barroco en Italia, Francia, Alemania y España - 12. El realismo en la pintura del siglo XVII: Países Bajos y España - 13. Arte rococó - 14. Arte del clasicismo y del Romanticismo - 15. Arte del realismo e impresionismo en el siglo XIX. | |
| 650 |
_aArte- _xHistoria- _vEnciclopedias. _910109 |
||
| 852 |
_aES-MaACL _jJ-66 |
||
| 999 |
_c68941 _d68941 |
||